Κατάλογος Βιβλιοθηκών Mediterranean College

Computing in the Information Age / Second Edition (Record no. 1901)

MARC details
000 -LEADER
fixed length control field 02010cam a22002174a 4500
005 - ΗΜΕΡΟΜΗΝΙΑ ΚΑΙ ΩΡΑ ΤΕΛΕΥΤΑΙΑΣ ΕΝΗΜΕΡΩΣΗΣ
Πεδίο ελέγχου 20250605164022.0
008 - FIXED-LENGTH DATA ELEMENTS--GENERAL INFORMATION
Πεδίο ελέγχου σταθερού μήκους 250528s ||||||||||||||||||||||||d
035 ## - SYSTEM CONTROL NUMBER
System control number 16396
020 ## - ISBN
ISBN 471110612
040 ## - ΠΗΓΗ ΚΑΤΑΛΟΓΟΓΡΑΦΗΣΗΣ
Φορέας πρωτότυπης καταλογογράφησης MC Athens Campus Library
Γλώσσα καταλογογράφησης Ελληνικά, Μοντέρνα (1453-)
Modifying agency MC Athens Campus Library
Κανόνες περιγραφικής καταλογογράφησης AACR2
245 1# - ΤΙΤΛΟΣ ΚΑΙ ΔΗΛΩΣΗ ΥΠΕΥΘΥΝΟΤΗΤΑΣ
Τίτλος Computing in the Information Age / Second Edition
260 ## - PUBLICATION, DISTRIBUTION, ETC.
Name of publisher, distributor, etc. John Wiley And Sons, Inc,
Date of publication, distribution, etc. 1996
300 ## - PHYSICAL DESCRIPTION
Extent 510
505 0# - FORMATTED CONTENTS NOTE
Formatted contents note Introduction: The Basics, The Basics of Computing: Hardware and Software and Connectivity and People, From Micros to Mammoths, Using Productivity Tools, Hardware Advances the Information Age, Computer Processing, Input and Output: From Applications to Hardware, Secondary Storage Devices, Software Drives the Information Age, Application Packages: Beyond Basic Productivity Tools, Developing Custom Software, Systems Software, Connectivity Unites the Information Age, Connectivity and Networks and the Information Superhighway, People Power Makes the World a Better Place, Systems Analysis and Design, Database Management Information Systems, Social Issues in Computing, Appendix, An Overview of the History of Computing, Glossary, Index.
520 ## - SUMMARY, ETC.
Summary, etc. Introduction: The Basics, The Basics of Computing: Hardware and Software and Connectivity and People, From Micros to Mammoths, Using Productivity Tools, Hardware Advances the Information Age, Computer Processing, Input and Output: From Applications to Hardware, Secondary Storage Devices, Software Drives the Information Age, Application Packages: Beyond Basic Productivity Tools, Developing Custom Software, Systems Software, Connectivity Unites the Information Age, Connectivity and Networks and the Information Superhighway, People Power Makes the World a Better Place, Systems Analysis and Design, Database Management Information Systems, Social Issues in Computing, Appendix, An Overview of the History of Computing, Glossary, Index.
700 1# - ΠΡΟΣΘΕΤΗ ΑΝΑΓΡΑΦΗ--ΦΥΣΙΚΟ ΠΡΟΣΩΠΟ
Personal name Stern Nancy
9 (RLIN) 1155
700 1# - ΠΡΟΣΘΕΤΗ ΑΝΑΓΡΑΦΗ--ΦΥΣΙΚΟ ΠΡΟΣΩΠΟ
Personal name Stern Robert
9 (RLIN) 1156
942 ## - ADDED ENTRY ELEMENTS (KOHA)
Koha item type Books
Holdings
Τύπος τεκμηρίου Βιβλιοθήκη Τρέχουσα τοποθεσία Barcode Αριθμός εισαγωγής Ημερομηνία απόκτησης Ταξιθετικό σύμβολο Αριθμός αντιτύπου Κατάσταση απόσυρσης Κατάσταση χαμένου Κατάσταση κατεστραμμένου Μη δανεισμός Σύνολο δανεισμών Ημερομηνία τελευταίας εμφάνισης Η τιμή ισχύει από
Books MC Athens Campus Library MC Athens Campus Library 9780000019004 4098 05/06/2025 658/.05 STE 2           05/06/2025 05/06/2025

MC Athens Campus Library
Πατησίων 94 & Κοδριγκτώνος 13, 104 34
Πελλήνης 8 & Πατησίων 107, 112 51
Τ: +30 210 8899600

MC Thessaloniki Campus Library
Ίωνος Δραγούμη 21, 54625 | Ίωνος Δραγούμη 15, 54625
Τ: +30 2310 287779 – Τ: +30 2314 440300